| 000 | 00952pam a2200265 a 4500 | ||
|---|---|---|---|
| 001 | 915215 | ||
| 003 | OSt | ||
| 005 | 20160418163337.0 | ||
| 008 | 820506s1982 enka 000 0 eng | ||
| 010 | _a 82004575 | ||
| 020 | _a052124921X | ||
| 020 | _a0521270731 (pbk.) | ||
| 040 |
_aDLC _cDLC _dDLC |
||
| 050 | 0 | 0 |
_aQC32 _b.R56 1982 |
| 082 | 0 | 0 |
_a530 _219 _bRIL 1982 |
| 100 | 1 |
_aRiley, K. F. _q(Kenneth Franklin), _d1936- _92756 |
|
| 245 | 1 | 0 |
_aProblems for physics students : _bwith hints and answers / _cK.F. Riley. |
| 260 |
_aCambridge ; _aNew York : _bCambridge University Press, _c1982. |
||
| 300 |
_aix, 179 p. : _bill. ; _c23 cm. |
||
| 650 | 0 |
_aPhysics _xProblems, exercises, etc. _98018 |
|
| 856 | 4 | 2 |
_3Publisher description _uhttp://www.loc.gov/catdir/description/cam022/82004575.html |
| 856 | 4 | 1 |
_3Table of contents _uhttp://www.loc.gov/catdir/toc/cam028/82004575.html |
| 906 |
_a7 _bcbc _corignew _d1 _eocip _f19 _gy-gencatlg |
||
| 942 |
_2ddc _cSLOAN |
||
| 999 |
_c3592 _d3592 |
||